[Event "5. Abierto Ciudad de Dos Hermanas"]
[Site "Dos Hermanas ESP"]
[Date "2006.04.06"]
[Round "8"]
[White "Spraggett, Kevin"]
[Black "Matamoros Franco, Carlos S"]
[Result "0-1"]
[WhiteElo "2581"]
[BlackElo "2510"]
[PlyCount "96"]
[EventDate "2006.03.30"]
[EventType "swiss"]
[EventRounds "9"]
[EventCountry "ESP"]
[Source "lmi"]
[SourceDate "2006.04.07"]

1. e4 e5 2. Nf3 Nc6 3. Bb5 Nf6 4. O-O Nxe4 5. d4 Nd6 6. Bxc6 dxc6 7. dxe5 Ne4
8. Qe2 Bf5 9. Rd1 Qc8 10. Nd4 Bc5 11. Be3 O-O 12. Nb3 Bxe3 13. Qxe3 Re8 14.
N1d2 Nxd2 15. Rxd2 b6 16. h3 c5 17. f4 f6 18. g4 Bg6 19. Rad1 fxe5 20. f5 Bf7
21. Rd7 Qb7 22. Nc1 Qc6 23. Ne2 Qf6 24. Nc3 e4 25. Rxc7 Rad8 26. Rxd8 Qxd8 27.
Rxa7 b5 28. Kg2 b4 29. Ne2 Qd1 30. Rc7 Qxc2 31. Rxc5 Qxb2 32. Kg3 Qxa2 33. f6
Qa3 34. Kf2 Qxe3+ 35. Kxe3 Rb8 36. Rc2 b3 37. Rb2 gxf6 38. Kxe4 Ra8 39. Nc3
Bg6+ 40. Kd4 Bc2 41. Nd5 Kf7 42. Ne3 Rd8+ 43. Kc4 Rc8+ 44. Kd4 Kg6 45. h4 Rd8+
46. Kc4 h5 47. gxh5+ Kxh5 48. Kb4 Kxh4 0-1

[Event "5. Abierto Ciudad de Dos Hermanas"]
[Site "Dos Hermanas ESP"]
[Date "2006.04.06"]
[Round "8"]
[White "Campora, Daniel H"]
[Black "Handke, Florian"]
[Result "0-1"]
[WhiteElo "2541"]
[BlackElo "2474"]
[PlyCount "96"]
[EventDate "2006.03.30"]
[EventType "swiss"]
[EventRounds "9"]
[EventCountry "ESP"]
[Source "lmi"]
[SourceDate "2006.04.07"]

1. e4 c5 2. Nf3 e6 3. d4 cxd4 4. Nxd4 a6 5. Nc3 Qc7 6. g3 Bb4 7. Nde2 Be7 8.
Bg2 Nf6 9. O-O Nc6 10. h3 d6 11. a4 Rb8 12. Be3 O-O 13. g4 b5 14. g5 Nd7 15.
axb5 axb5 16. Ng3 Nce5 17. Nce2 Qd8 18. b3 Ng6 19. Qd2 Bb7 20. f4 Re8 21. Rad1
Qc7 22. Nd4 Ba8 23. f5 exf5 24. Ndxf5 Bf8 25. Nxd6 Re6 26. Ngf5 Nde5 27. Qd4
Qxc2 28. Qa7 Rd8 29. Nd4 Qxg2+ 30. Kxg2 Rexd6 31. Qa1 Bxe4+ 32. Kg1 b4 33. Nb5
Rd3 34. Rxd3 Rxd3 35. Kf2 Rxb3 36. Rd1 Nc4 37. Rd4 Rxe3 38. Rxc4 Rf3+ 39. Ke2
Nf4+ 40. Kd2 Rd3+ 41. Ke1 Re3+ 42. Kf2 Rf3+ 43. Ke1 Bd3 44. Rxf4 Rxf4 45. Qa4
Bc4 46. Na7 b3 47. Nb5 b2 48. Nc3 Rf3 0-1

[Event "5. Abierto Ciudad de Dos Hermanas"]
[Site "Dos Hermanas ESP"]
[Date "2006.04.06"]
[Round "8"]
[White "Milov, Vadim"]
[Black "Pogorelov, Ruslan"]
[Result "1-0"]
[WhiteElo "2638"]
[BlackElo "2402"]
[PlyCount "101"]
[EventDate "2006.03.30"]
[EventType "swiss"]
[EventRounds "9"]
[EventCountry "ESP"]
[Source "lmi"]
[SourceDate "2006.04.07"]

1. d4 Nf6 2. c4 e6 3. Nc3 Bb4 4. Nf3 c5 5. g3 cxd4 6. Nxd4 O-O 7. Bg2 d5 8.
cxd5 Nxd5 9. Bd2 Bxc3 10. bxc3 e5 11. Nc2 Nc6 12. O-O Be6 13. Qc1 Qe7 14. Qb2
Rac8 15. Ne3 Nxe3 16. Bxe3 b6 17. Rad1 Na5 18. Qb4 Qc7 19. Rd3 Bc4 20. Rd2 Rfd8
21. Rc2 Qd7 22. Qb1 Qe6 23. Rd1 Qe7 24. Qc1 Rxd1+ 25. Qxd1 Rd8 26. Qc1 Rd6 27.
Rd2 Qd8 28. Rxd6 Qxd6 29. Qc2 h6 30. h4 Be6 31. Be4 Nc4 32. Bc1 Bd5 33. Bh7+
Kh8 34. Bd3 Qc6 35. Qd1 Nd6 36. Bc2 Be4 37. Bb3 Qxc3 38. Kh2 Qc5 39. Be3 Qc7
40. f3 Bb7 41. Kg2 Nf5 42. Bf2 e4 43. g4 Ne7 44. Bxf7 Qf4 45. Be6 Qf6 46. Bb3
Ng6 47. Bg3 Kh7 48. h5 Nf4+ 49. Bxf4 Qxf4 50. Qd8 exf3+ 51. Kh3 1-0

[Event "5. Abierto Ciudad de Dos Hermanas"]
[Site "Dos Hermanas ESP"]
[Date "2006.04.06"]
[Round "8"]
[White "Kononenko, Tatiana"]
[Black "Justiniano Marquez, Marco Antonio"]
[Result "1-0"]
[WhiteElo "2417"]
[BlackElo "2171"]
[PlyCount "97"]
[EventDate "2006.03.30"]
[EventType "swiss"]
[EventRounds "9"]
[EventCountry "ESP"]
[Source "lmi"]
[SourceDate "2006.04.07"]

1. d4 Nf6 2. c4 c5 3. d5 b5 4. cxb5 a6 5. bxa6 Bxa6 6. Nf3 g6 7. Nc3 d6 8. g3
Nbd7 9. Bg2 Bg7 10. Rb1 O-O 11. O-O Qc7 12. Re1 Rfb8 13. b3 Ra7 14. Bb2 Ng4 15.
h3 Nge5 16. Nd2 Nb6 17. Qc2 Qd8 18. a4 Na8 19. Na2 f6 20. f4 Nf7 21. e4 Nb6 22.
Ba1 Rc8 23. Nc3 Nd7 24. Bf1 Nb8 25. Bc4 Bh6 26. Bxa6 Nxa6 27. Nc4 Nb4 28. Qe2
Rb7 29. Rbd1 Qd7 30. Kh2 Rf8 31. Nb5 Bg7 32. Bc3 Rxb5 33. axb5 Qxb5 34. Ra1 g5
35. Ra5 Qb8 36. f5 Rc8 37. Rea1 Bf8 38. g4 Rc7 39. Ra8 Qb7 40. Qd2 Ne5 41. Nxe5
dxe5 42. Qe2 Qb6 43. Qc4 Qd6 44. R1a7 Rxa7 45. Rxa7 h5 46. Bxb4 cxb4 47. Qc8
Qb6 48. Qe6+ Qxe6 49. dxe6 1-0

[Event "5. Abierto Ciudad de Dos Hermanas"]
[Site "Dos Hermanas ESP"]
[Date "2006.04.06"]
[Round "8"]
[White "Korneev, Oleg"]
[Black "Recuero Guerra, David"]
[Result "1-0"]
[WhiteElo "2649"]
[BlackElo "2315"]
[PlyCount "91"]
[EventDate "2006.03.30"]
[EventType "swiss"]
[EventRounds "9"]
[EventCountry "ESP"]
[Source "lmi"]
[SourceDate "2006.04.07"]

1. e4 c5 2. Nf3 Nf6 3. e5 Nd5 4. Nc3 e6 5. Nxd5 exd5 6. d4 Nc6 7. c3 cxd4 8.
Nxd4 Nxe5 9. Bf4 d6 10. Bb5+ Bd7 11. Qb3 Nc6 12. Qxd5 Qf6 13. g3 Rc8 14. O-O-O
Be7 15. Nf3 Be6 16. Qg5 d5 17. Qxf6 Bxf6 18. Be5 Bxe5 19. Nxe5 O-O 20. Rhe1
Rfd8 21. Kb1 Kf8 22. f4 Bf5+ 23. Bd3 Bxd3+ 24. Rxd3 Rd6 25. Red1 Rcd8 26. Nf3
f6 27. Nd4 Nxd4 28. Rxd4 Ke7 29. f5 R8d7 30. Kc2 b5 31. a4 bxa4 32. Rxa4 a6 33.
Rda1 Ra7 34. Kd3 Rb6 35. b4 Kd6 36. Kd4 Kc6 37. Ra5 Ra8 38. Re1 Rb5 39. Re6+
Kc7 40. Rexa6 Rxa5 41. Rxa5 Re8 42. Kxd5 Re5+ 43. Kd4 Re2 44. Kc5 Rxh2 45. Ra7+
Kc8 46. b5 1-0

[Event "5. Abierto Ciudad de Dos Hermanas"]
[Site "Dos Hermanas ESP"]
[Date "2006.04.06"]
[Round "8"]
[White "Diaz Castro, Sergio"]
[Black "Candela Perez, Jose"]
[Result "1/2-1/2"]
[WhiteElo "2241"]
[BlackElo "2410"]
[PlyCount "229"]
[EventDate "2006.03.30"]
[EventType "swiss"]
[EventRounds "9"]
[EventCountry "ESP"]
[Source "lmi"]
[SourceDate "2006.04.07"]

1. Nf3 Nf6 2. d4 g6 3. c4 Bg7 4. Nc3 d6 5. e4 O-O 6. Be2 Na6 7. O-O e5 8. Re1
c6 9. Bf1 Bg4 10. d5 cxd5 11. cxd5 Ne8 12. Be2 Bd7 13. a3 Nac7 14. Qb3 Rb8 15.
Bg5 f6 16. Be3 b6 17. Rac1 f5 18. Ng5 Qf6 19. Ne6 Nxe6 20. dxe6 Bxe6 21. Bc4
Bxc4 22. Qxc4+ Kh8 23. f3 Rb7 24. Nd5 Qf7 25. a4 Nf6 26. Nxf6 Qxc4 27. Rxc4
Bxf6 28. Rd1 Rd8 29. b4 Kg7 30. b5 Kf7 31. Kf2 Ke6 32. Ke2 Rdd7 33. Rc6 Be7 34.
Kd3 Rdc7 35. Rdc1 Rxc6 36. Rxc6 Bd8 37. Kc4 Rd7 38. Bd2 Rf7 39. Bb4 Bc7 40. a5
bxa5 41. Bc5 Bb8 42. Ra6 fxe4 43. fxe4 Rb7 44. Be3 Kd7 45. Rxa5 Rc7+ 46. Kb3 d5
47. b6 axb6 48. Rxd5+ Ke6 49. Rb5 Ba7 50. Kb4 Rc6 51. Kb3 Kf6 52. g4 Ke6 53. h3
h5 54. gxh5 gxh5 55. Rd5 Rd6 56. Rxd6+ Kxd6 57. Bf2 Kc6 58. Be3 Bb8 59. Bf2 Bd6
60. Bg3 Kc5 61. Bf2+ Kb5 62. Bg3 Kc6 63. Bh2 Bc7 64. Bg3 b5 65. Bf2 Bd6 66. Bg3
Kd7 67. Bf2 Ke6 68. Bh4 Bc5 69. Bg5 Kf7 70. Bd2 Kg6 71. Bc1 Be7 72. Be3 Bg5 73.
Bf2 Bd2 74. Bh4 Bg5 75. Be1 Be7 76. Bd2 Bf8 77. Be3 Bd6 78. Bd2 Kf6 79. Be3 Bf8
80. Bd2 Bc5 81. Bc1 Ke6 82. Bd2 Kd6 83. Bc3 Bd4 84. Bb4+ Kc6 85. Bd2 Bf2 86.
Bc3 Bg3 87. Bb4 Kd7 88. Bd2 Bf4 89. Be1 Bg5 90. Bc3 Bf4 91. Be1 Kd6 92. Bb4+
Kc6 93. Be1 Be3 94. Bc3 Bd4 95. Bd2 Bc5 96. Bc3 Kd6 97. Bd2 Ke6 98. Bg5 Kf7 99.
Bd2 Kg6 100. Bc1 Bf8 101. Be3 h4 102. Bf2 Be7 103. Be1 Kg5 104. Bd2+ Kh5 105.
Bc3 Bd6 106. Bb2 Kg6 107. Bc3 Kf6 108. Be1 Kg5 109. Bd2+ Kg6 110. Bc3 Kf7 111.
Bd2 Be7 112. Be3 Kg6 113. Bf2 Kh5 114. Be1 Bc5 115. Bc3 1/2-1/2

[Event "5. Abierto Ciudad de Dos Hermanas"]
[Site "Dos Hermanas ESP"]
[Date "2006.04.07"]
[Round "9"]
[White "Cheparinov, Ivan"]
[Black "Handke, Florian"]
[Result "0-1"]
[WhiteElo "2625"]
[BlackElo "2474"]
[PlyCount "172"]
[EventDate "2006.03.30"]
[EventType "swiss"]
[EventRounds "9"]
[EventCountry "ESP"]
[Source "lmi"]
[SourceDate "2006.04.07"]

1. d4 d5 2. c4 c6 3. Nf3 Nf6 4. Nc3 dxc4 5. a4 Bf5 6. Ne5 Nbd7 7. Nxc4 Nb6 8.
Ne5 a5 9. e3 h6 10. g4 Bh7 11. h4 Nfd7 12. Nxd7 Nxd7 13. Qb3 Qc7 14. Bd2 e5 15.
Rc1 Bb4 16. Bg2 Qd6 17. O-O O-O 18. Rcd1 Qe7 19. Be1 exd4 20. exd4 Qxh4 21. f3
Qg5 22. Bg3 Rfe8 23. Ne4 Qd5 24. Qxd5 cxd5 25. Nd6 Re2 26. Rc1 Rxb2 27. Rc7
Bxd6 28. Bxd6 Nb6 29. Re1 Nc4 30. Bg3 Rb1 31. Rxb1 Bxb1 32. f4 Ne3 33. Bf3 Be4
34. Be2 b6 35. f5 h5 36. gxh5 Nxf5 37. Bf2 Re8 38. Bg4 Nh6 39. Bd7 Re7 40. Bg3
Bf5 41. Bc6 Re3 42. Bf4 Re4 43. Bxh6 gxh6 44. Bxd5 Rxd4 45. Bxf7+ Kf8 46. Bb3
Bd7 47. Rb7 Rd6 48. Kf2 Ke7 49. Rb8 Be8 50. Ke3 Bxh5 51. Ke4 Be8 52. Ke5 Rg6
53. Rb7+ Bd7 54. Bc4 Kd8 55. Bb5 Bxb5 56. axb5 Kc8 57. Rh7 a4 58. Rh8+ Kd7 59.
Rh7+ Ke8 60. Ra7 h5 61. Rxa4 Rh6 62. Ra8+ Kd7 63. Kf5 Rd6 64. Ke5 Re6+ 65. Kf5
Re1 66. Rb8 Kc7 67. Rh8 Kd6 68. Kf4 Rf1+ 69. Ke4 Re1+ 70. Kf4 Kc5 71. Rxh5+ Kc4
72. Kf3 Kb4 73. Rg5 Ka5 74. Rg2 Kxb5 75. Rb2+ Kc5 76. Rc2+ Kd5 77. Rb2 Re6 78.
Kf4 Kc4 79. Kf5 Rh6 80. Rb1 b5 81. Rc1+ Kb3 82. Ke4 b4 83. Kd4 Kb2 84. Rg1 Rc6
85. Rg2+ Rc2 86. Rg8 b3 0-1

[Event "5. Abierto Ciudad de Dos Hermanas"]
[Site "Dos Hermanas ESP"]
[Date "2006.04.07"]
[Round "9"]
[White "Krivoshey, Sergei"]
[Black "Castellanos, Renier"]
[Result "1/2-1/2"]
[WhiteElo "2553"]
[BlackElo "2467"]
[PlyCount "72"]
[EventDate "2006.03.30"]
[EventType "swiss"]
[EventRounds "9"]
[EventCountry "ESP"]
[Source "lmi"]
[SourceDate "2006.04.07"]

1. Nf3 Nf6 2. d4 g6 3. c4 Bg7 4. Nc3 O-O 5. e4 d6 6. Be2 e5 7. O-O Na6 8. Be3
c6 9. d5 Ng4 10. Bg5 f6 11. Bh4 c5 12. Ne1 Nh6 13. Nd3 g5 14. Bg3 f5 15. exf5
Nxf5 16. Ne1 Nc7 17. Nc2 Ne8 18. Ne4 h6 19. Ne3 Nf6 20. Bd3 Nd4 21. Rb1 a5 22.
b3 Nxe4 23. Bxe4 Bd7 24. a3 Qb6 25. Qd3 Rf6 26. f3 Raf8 27. Bf2 Qc7 28. Nc2 Nf5
29. b4 axb4 30. axb4 b6 31. bxc5 bxc5 32. g4 Ne7 33. h4 gxh4 34. Bxh4 R6f7 35.
Bxe7 Rxe7 36. Ne3 Rf4 1/2-1/2

[Event "5. Abierto Ciudad de Dos Hermanas"]
[Site "Dos Hermanas ESP"]
[Date "2006.04.07"]
[Round "9"]
[White "Dizdar, Goran"]
[Black "Zambrana, Oswaldo"]
[Result "1/2-1/2"]
[WhiteElo "2531"]
[BlackElo "2405"]
[PlyCount "167"]
[EventDate "2006.03.30"]
[EventType "swiss"]
[EventRounds "9"]
[EventCountry "ESP"]
[Source "lmi"]
[SourceDate "2006.04.07"]

1. Nf3 Nf6 2. c4 g6 3. g3 Bg7 4. Bg2 O-O 5. d4 c6 6. Nc3 d5 7. cxd5 cxd5 8. Ne5
e6 9. Bg5 Qb6 10. Qd2 Nfd7 11. Be3 Nc6 12. Nxc6 Qxc6 13. O-O Nb6 14. b3 Bd7 15.
a4 Qd6 16. Na2 a5 17. Nc1 Bc6 18. Nd3 Nd7 19. Rfc1 Rfc8 20. Ra2 Qf8 21. Rac2
Qd8 22. Rc3 Qb6 23. Ne5 Nxe5 24. dxe5 Qd8 25. f4 Bf8 26. Bc5 Bxc5+ 27. Rxc5 Ra6
28. R1c3 Rca8 29. Rd3 Qf8 30. Rcc3 Rb6 31. e3 Rb4 32. Rd4 Ra6 33. Rxb4 Qxb4 34.
Qd4 Rb6 35. Kf2 Kf8 36. Bf3 Ke7 37. Bd1 Kd7 38. Rc5 Qxd4 39. exd4 Rb4 40. Ke3
b6 41. Rc1 Bb7 42. Kd3 Ba6+ 43. Kc3 Ke7 44. Ra1 h5 45. Ra2 Bf1 46. Rf2 Bh3 47.
Be2 Bf5 48. Bb5 Bg4 49. Bd3 Bf5 50. Bf1 Bg4 51. h3 Bf5 52. Rh2 Kf8 53. Be2 Be4
54. Rf2 Kg7 55. Ba6 Bf5 56. Rh2 Kg8 57. Bf1 Be4 58. Be2 Kg7 59. Rf2 Bf5 60. g4
hxg4 61. hxg4 Be4 62. Bf1 Kh6 63. Bb5 Kg7 64. Be8 Kf8 65. Bd7 Ke7 66. Bc6 Kf8
67. Bb5 Bb1 68. Bf1 Be4 69. Rh2 Kg7 70. Rf2 Kf8 71. Bg2 Bxg2 72. Rxg2 b5 73.
axb5 Rxb5 74. f5 gxf5 75. gxf5 exf5 76. Rf2 Rb6 77. Rxf5 Ke7 78. Rf3 Rh6 79.
Kb2 Rb6 80. Kc2 Rc6+ 81. Kb2 Rb6 82. Kc2 Rc6+ 83. Kb2 Rb6 84. Kc2 1/2-1/2

[Event "5. Abierto Ciudad de Dos Hermanas"]
[Site "Dos Hermanas ESP"]
[Date "2006.04.07"]
[Round "9"]
[White "Kononenko, Tatiana"]
[Black "Korneev, Oleg"]
[Result "0-1"]
[WhiteElo "2417"]
[BlackElo "2649"]
[PlyCount "50"]
[EventDate "2006.03.30"]
[EventType "swiss"]
[EventRounds "9"]
[EventCountry "ESP"]
[Source "lmi"]
[SourceDate "2006.04.07"]

1. d4 d5 2. c4 e6 3. Nc3 c6 4. e4 dxe4 5. Nxe4 Bb4+ 6. Bd2 Qxd4 7. Bxb4 Qxe4+
8. Be2 Na6 9. Ba5 f6 10. Qd8+ Kf7 11. O-O-O e5 12. Bd3 Qxg2 13. Ne2 Nc5 14.
Rhg1 Nxd3+ 15. Rxd3 Qxf2 16. Qc7+ Ne7 17. Rxg7+ Kxg7 18. Qxe7+ Kg6 19. Rg3+ Kf5
20. Qg7 Qxe2 21. Qxh8 Qf1+ 22. Kc2 Qe2+ 23. Kb3 Qxc4+ 24. Ka3 Qxa2+ 25. Kxa2
Be6+ 0-1

[Event "5. Abierto Ciudad de Dos Hermanas"]
[Site "Dos Hermanas ESP"]
[Date "2006.04.07"]
[Round "9"]
[White "Epishin, Vladimir"]
[Black "Garcia Luque, Agustin"]
[Result "0-1"]
[WhiteElo "2553"]
[BlackElo "2355"]
[PlyCount "87"]
[EventDate "2006.03.30"]
[EventType "swiss"]
[EventRounds "9"]
[EventCountry "ESP"]
[Source "lmi"]
[SourceDate "2006.04.07"]

1. d4 Nf6 2. c4 g6 3. Nc3 Bg7 4. Nf3 O-O 5. e4 d6 6. Be2 e5 7. O-O Nc6 8. d5
Ne7 9. b4 Nh5 10. Qc2 Nf4 11. Bxf4 exf4 12. Rad1 h6 13. Nd4 a5 14. b5 g5 15.
Bh5 Ng6 16. Bxg6 fxg6 17. e5 Bf5 18. Nxf5 gxf5 19. e6 Be5 20. Rd3 g4 21. Re1
Qg5 22. Qd2 Rae8 23. c5 Re7 24. a3 b6 25. cxb6 cxb6 26. Na4 Rb8 27. Qc1 Qg7 28.
Re2 f3 29. Rc2 fxg2 30. Rc8+ Rxc8 31. Qxc8+ Kh7 32. Nxb6 Rc7 33. Qe8 Rc1+ 34.
Kxg2 f4 35. f3 gxf3+ 36. Kxf3 Rf1+ 37. Ke4 Qg2+ 38. Kf5 Qg5+ 39. Ke4 Bg7 40.
Nd7 Qg2+ 41. Kf5 Re1 42. Nf6+ Bxf6 43. Rg3 Qxd5+ 44. Kxf4 0-1

[Event "5. Abierto Ciudad de Dos Hermanas"]
[Site "Dos Hermanas ESP"]
[Date "2006.04.07"]
[Round "9"]
[White "Khamrakulov, Ibragim S"]
[Black "Diaz Castro, Sergio"]
[Result "1-0"]
[WhiteElo "2499"]
[BlackElo "2241"]
[PlyCount "71"]
[EventDate "2006.03.30"]
[EventType "swiss"]
[EventRounds "9"]
[EventCountry "ESP"]
[Source "lmi"]
[SourceDate "2006.04.07"]

1. e4 g6 2. d4 Bg7 3. Bc4 c6 4. Nc3 d6 5. Qf3 e6 6. Nge2 b5 7. Bb3 a5 8. a3 Ba6
9. O-O b4 10. Nb1 Qf6 11. Qe3 Bh6 12. f4 a4 13. Ba2 Bxe2 14. e5 Qd8 15. Qxe2
Qb6 16. Qe3 Ne7 17. axb4 Nf5 18. Qf2 Qxb4 19. c3 Qb7 20. g4 Ne7 21. exd6 Nc8
22. Nd2 Nxd6 23. Nc4 Nxc4 24. Bxc4 Bg7 25. f5 gxf5 26. gxf5 Rg8 27. Kh1 c5+ 28.
d5 e5 29. Qxc5 Nd7 30. Qb5 Qc7 31. Rxa4 Rb8 32. Qc6 Qd8 33. Bb5 Rc8 34. Qd6 Qe7
35. Qxe7+ Kxe7 36. Ra7 1-0

[Event "5. Abierto Ciudad de Dos Hermanas"]
[Site "Dos Hermanas ESP"]
[Date "2006.04.07"]
[Round "9"]
[White "Colovic, Aleksandar"]
[Black "Vila Gazquez, Javier"]
[Result "1-0"]
[WhiteElo "2459"]
[BlackElo "2317"]
[PlyCount "78"]
[EventDate "2006.03.30"]
[EventType "swiss"]
[EventRounds "9"]
[EventCountry "ESP"]
[Source "lmi"]
[SourceDate "2006.04.07"]

1. e4 c5 2. Nc3 Nc6 3. Nge2 e6 4. d4 cxd4 5. Nxd4 Qc7 6. Be3 a6 7. Nb3 b5 8.
Bd3 Ne5 9. O-O Nc4 10. Bd4 Ne7 11. Qe2 Nc6 12. Nd5 Qb8 13. Bc3 exd5 14. exd5+
Ne7 15. Rfe1 Qd6 16. Nd4 Bb7 17. Nf5 Qxd5 18. f3 Qe6 19. Qf2 Qc6 20. Bb4 d6 21.
Bxc4 O-O-O 22. Bxf7 Nxf5 23. Be6+ Kb8 24. Bxf5 d5 25. Bxf8 Rdxf8 26. Bd3 Qf6
27. c3 g5 28. Qe3 Ka8 29. Qe5 Qb6+ 30. Qe3 Qf6 31. Qe6 Qf4 32. a4 Rf6 33. Qd7
Rf7 34. Re8+ Ka7 35. Re7 Rxe7 36. Qxe7 b4 37. Qc5+ Kb8 38. Qb6 Qc7 39. Qxc7+
Kxc7 1-0

[Event "5. Abierto Ciudad de Dos Hermanas"]
[Site "Dos Hermanas ESP"]
[Date "2006.04.07"]
[Round "9"]
[White "Tissir, Mohamed"]
[Black "Barrero Garcia, Carlos"]
[Result "1/2-1/2"]
[WhiteElo "2444"]
[BlackElo "2302"]
[PlyCount "107"]
[EventDate "2006.03.30"]
[EventType "swiss"]
[EventRounds "9"]
[EventCountry "ESP"]
[Source "lmi"]
[SourceDate "2006.04.07"]

1. e4 e6 2. d4 d5 3. Nd2 Nc6 4. Ngf3 Nf6 5. e5 Nd7 6. c3 f6 7. Bb5 a5 8. O-O f5
9. Ne1 Na7 10. Bd3 c5 11. Qh5+ g6 12. Qh3 Qb6 13. Ndf3 cxd4 14. cxd4 Nc6 15.
Nc2 Be7 16. Bh6 Rg8 17. Bg5 Nf8 18. Rfc1 Bd7 19. Qh4 Qd8 20. Bf6 h6 21. Re1 Nh7
22. Qxh6 Nxf6 23. exf6 Bxf6 24. Bb5 Kf7 25. Qe3 Rc8 26. Re2 g5 27. Bxc6 Rxc6
28. Nce1 g4 29. Ne5+ Bxe5 30. Qxe5 Rb6 31. Nd3 Bb5 32. Rd1 Bxd3 33. Rxd3 Qd6
34. Qe3 f4 35. Qd2 f3 36. Re5 fxg2 37. Qf4+ Ke7 38. Rde3 Rg6 39. h3 Rxb2 40.
hxg4 Rf6 41. Qg5 Rbxf2 42. Rf5 R2xf5 43. gxf5 Kf7 44. Qh5+ Kg7 45. Qg5+ Kf7 46.
Rg3 Qf8 47. Rc3 Qd8 48. Qh5+ Ke7 49. Qh2 Qb6 50. Qh7+ Kd6 51. Qh2+ Ke7 52. Qh7+
Kd6 53. Qh2+ Ke7 54. Qh7+ 1/2-1/2

[Event "5. Abierto Ciudad de Dos Hermanas"]
[Site "Dos Hermanas ESP"]
[Date "2006.04.07"]
[Round "9"]
[White "Valencia Gomez, Jairo Fdo"]
[Black "Carlsson, Pontus"]
[Result "0-1"]
[WhiteElo "2030"]
[BlackElo "2430"]
[PlyCount "82"]
[EventDate "2006.03.30"]
[EventType "swiss"]
[EventRounds "9"]
[EventCountry "ESP"]
[Source "lmi"]
[SourceDate "2006.04.07"]

1. e4 c5 2. Nf3 d6 3. d4 Nf6 4. Nc3 cxd4 5. Nxd4 g6 6. Be3 Bg7 7. f3 O-O 8. Bc4
Nc6 9. Qd2 Bd7 10. O-O-O Rc8 11. Bb3 Nxd4 12. Bxd4 b5 13. Nd5 Nxd5 14. Bxg7
Kxg7 15. Bxd5 a5 16. a3 b4 17. axb4 axb4 18. Qxb4 Kg8 19. h4 Qc7 20. Qc3 Qxc3
21. bxc3 Rxc3 22. Kb2 Rfc8 23. Bb3 Be6 24. Rd2 Kg7 25. Rf1 Kf6 26. Rff2 Ke5 27.
g3 Re3 28. Bxe6 fxe6 29. Rde2 Rcc3 30. Rxe3 Rxe3 31. c3 Re1 32. h5 Rg1 33. hxg6
hxg6 34. f4+ Kxe4 35. Re2+ Kf5 36. Re3 Rf1 37. c4 Rh1 38. Kc2 Ra1 39. Kb2 Ra5
40. g4+ Kf6 41. Rh3 e5 0-1

[Event "5. Abierto Ciudad de Dos Hermanas"]
[Site "Dos Hermanas ESP"]
[Date "2006.04.07"]
[Round "9"]
[White "Fernandez Romero, Ernesto"]
[Black "Vega Gutierrez, Sabrina Neide"]
[Result "1-0"]
[WhiteElo "2460"]
[BlackElo "2180"]
[PlyCount "89"]
[EventDate "2006.03.30"]
[EventType "swiss"]
[EventRounds "9"]
[EventCountry "ESP"]
[Source "lmi"]
[SourceDate "2006.04.07"]

1. e4 c5 2. Nf3 Nc6 3. Bb5 e6 4. b3 Nge7 5. Bb2 a6 6. Bxc6 Nxc6 7. O-O b5 8.
Na3 Rb8 9. c4 Rg8 10. d3 g5 11. Nc2 Qc7 12. Ne3 Bg7 13. Bxg7 Rxg7 14. Ng4 Qf4
15. h3 Bb7 16. cxb5 axb5 17. Rc1 Ke7 18. g3 Qd6 19. Re1 h5 20. Ne3 g4 21. hxg4
hxg4 22. Nh4 Nd4 23. Nc2 Rh8 24. Nxd4 Qxd4 25. Qc2 d6 26. Qc3 Qxc3 27. Rxc3 b4
28. Rc2 Kf6 29. Kf1 Ba6 30. Ke2 Rg5 31. Kd2 Rd8 32. Ng2 d5 33. e5+ Rxe5 34.
Rxc5 Rxe1 35. Nxe1 Rb8 36. Nc2 Ke5 37. Ra5 Bc8 38. Ra4 f5 39. Ke3 Bd7 40. d4+
Kd6 41. Rxb4 Rc8 42. Kd2 e5 43. Rb6+ Kc7 44. Rf6 exd4 45. Nxd4 1-0

[Event "5. Abierto Ciudad de Dos Hermanas"]
[Site "Dos Hermanas ESP"]
[Date "2006.04.07"]
[Round "9"]
[White "De La Villa Garcia, Jesus M"]
[Black "Perez Garcia, Roberto"]
[Result "1/2-1/2"]
[WhiteElo "2451"]
[BlackElo "2180"]
[PlyCount "80"]
[EventDate "2006.03.30"]
[EventType "swiss"]
[EventRounds "9"]
[EventCountry "ESP"]
[Source "lmi"]
[SourceDate "2006.04.07"]

1. e4 c5 2. Nc3 Nc6 3. Nf3 d6 4. d4 cxd4 5. Nxd4 e5 6. Nf3 Be7 7. Bc4 Nf6 8.
O-O O-O 9. Re1 Bg4 10. h3 Be6 11. Nd5 Rc8 12. Bf1 Bxd5 13. exd5 Nb8 14. c4 Nbd7
15. b3 Ne8 16. Bb2 f5 17. b4 b6 18. Qb3 Kh8 19. Rad1 Bf6 20. a3 g5 21. g3 Rf7
22. Bd3 Ng7 23. Bb1 Qf8 24. g4 e4 25. Nd4 Ne5 26. gxf5 Nxc4 27. Ba1 Nxf5 28.
Ne6 Qh6 29. Bxe4 Nh4 30. a4 Bxa1 31. Rxa1 Ne5 32. Rac1 Rg8 33. Rc3 Qf6 34. Re2
Nef3+ 35. Bxf3 Nxf3+ 36. Kf1 Qf5 37. Rec2 Qxh3+ 38. Ke2 Ng1+ 39. Ke1 Nf3+ 40.
Ke2 Ng1+ 1/2-1/2

[Event "5. Abierto Ciudad de Dos Hermanas"]
[Site "Dos Hermanas ESP"]
[Date "2006.04.07"]
[Round "9"]
[White "Teran Alvarez, Ismael"]
[Black "Vega Gutierrez, Belinda"]
[Result "1/2-1/2"]
[WhiteElo "2446"]
[BlackElo "2117"]
[PlyCount "21"]
[EventDate "2006.03.30"]
[EventType "swiss"]
[EventRounds "9"]
[EventCountry "ESP"]
[Source "lmi"]
[SourceDate "2006.04.07"]

1. d4 d5 2. Bf4 Nf6 3. e3 e6 4. c3 Bd6 5. Bg3 Bxg3 6. hxg3 Qd6 7. Nf3 Nbd7 8.
Nbd2 e5 9. dxe5 Nxe5 10. Qc2 Bg4 11. Be2 1/2-1/2

[Event "5. Abierto Ciudad de Dos Hermanas"]
[Site "Dos Hermanas ESP"]
[Date "2006.04.07"]
[Round "9"]
[White "Perez, Rodney"]
[Black "Pereira Figueroa, Manuel"]
[Result "1-0"]
[WhiteElo "2425"]
[BlackElo "2113"]
[PlyCount "64"]
[EventDate "2006.03.30"]
[EventType "swiss"]
[EventRounds "9"]
[EventCountry "ESP"]
[Source "lmi"]
[SourceDate "2006.04.07"]

1. c4 Nf6 2. Nc3 e6 3. e4 d6 4. d4 Nbd7 5. Nf3 e5 6. Be2 g6 7. O-O Bg7 8. Be3
O-O 9. d5 Nc5 10. Nd2 a5 11. a3 Nfd7 12. b4 Na6 13. Nb5 f5 14. f3 Rf7 15. Rb1
Bf8 16. Qc2 Nf6 17. c5 f4 18. Bf2 g5 19. cxd6 cxd6 20. Nc4 axb4 21. axb4 h5 22.
Rfc1 Ne8 23. Nb6 Bd7 24. Nxa8 Qxa8 25. Nc3 Qd8 26. Bb5 g4 27. Bxd7 Rxd7 28. Nb5
Qg5 29. Kh1 g3 30. Bb6 gxh2 31. Qc8 Rg7 32. Rc2 Qg3 1-0

[Event "5. Abierto Ciudad de Dos Hermanas"]
[Site "Dos Hermanas ESP"]
[Date "2006.04.07"]
[Round "9"]
[White "Pogorelov, Ruslan"]
[Black "Ribeiro, Jose"]
[Result "1-0"]
[WhiteElo "2402"]
[BlackElo "2106"]
[PlyCount "53"]
[EventDate "2006.03.30"]
[EventType "swiss"]
[EventRounds "9"]
[EventCountry "ESP"]
[Source "lmi"]
[SourceDate "2006.04.07"]

1. Nf3 d5 2. d4 Nf6 3. c4 c6 4. Nc3 a6 5. c5 Nbd7 6. Bf4 Nh5 7. Bd2 Nhf6 8. Qc2
g6 9. h3 Bg7 10. Bf4 O-O 11. e3 Re8 12. g4 b6 13. cxb6 Qxb6 14. Bg2 Bb7 15. O-O
Rac8 16. Na4 Qa7 17. b4 Ne4 18. Nc5 Nexc5 19. bxc5 e5 20. Nxe5 Nxe5 21. Bxe5
Bxe5 22. dxe5 Rxe5 23. Rab1 Rce8 24. Rb6 h5 25. Qb2 Bc8 26. Rxc6 hxg4 27. Rxc8
1-0

[Event "5. Abierto Ciudad de Dos Hermanas"]
[Site "Dos Hermanas ESP"]
[Date "2006.04.07"]
[Round "9"]
[White "Dias, Paulo"]
[Black "Oviedo Rodriguez, Miguel Angel"]
[Result "1-0"]
[WhiteElo "2370"]
[BlackElo "2080"]
[PlyCount "79"]
[EventDate "2006.03.30"]
[EventType "swiss"]
[EventRounds "9"]
[EventCountry "ESP"]
[Source "lmi"]
[SourceDate "2006.04.07"]

1. d4 Nf6 2. c4 c5 3. d5 b5 4. Nf3 d6 5. Qc2 Nbd7 6. e4 bxc4 7. Nc3 g6 8. Bxc4
Bg7 9. O-O O-O 10. Re1 Nb6 11. Bf1 Bb7 12. Bg5 h6 13. Bf4 Nh5 14. Be3 Nf6 15.
Rad1 a6 16. h3 Re8 17. Bf4 g5 18. Bh2 g4 19. Nh4 gxh3 20. gxh3 Bc8 21. Ne2 Nh7
22. Nf5 Bxf5 23. exf5 Ng5 24. Bg2 Nd7 25. Kh1 Qb6 26. Nc3 Rab8 27. Re2 Qa5 28.
Qc1 Qb4 29. Bf4 Bf6 30. Rg1 Kh8 31. Qe3 Ne5 32. Ne4 Nc4 33. Qg3 Rg8 34. Qh4 Nh7
35. Nxf6 exf6 36. Re4 Rge8 37. Bxh6 Qxb2 38. Rxc4 Qxa2 39. Bf3 Rg8 40. Rcg4 1-0